El maromero /
A Joaquín le encanta jugar al maromero. Da volteretas, hace cabriolas, giros...es muy divertido. Sobre todo le gusta jugar con su amigo Pedro. Pero un día Joaquín se da cuenta de que Pedro está muy triste. Su padre no es bueno con él, apenas lo ve una vez cada quince días y, además, le pega. Joaquín...
Guardado en:
| Autor Principal: | |
|---|---|
| Otros Autores: | |
| Formato: | Libro |
| Idioma: | Undetermined |
| Publicado: |
Madrid :
Alfaguara,
2000.
|
| Series: | Derechos del niño ;
9 |
| Materias: | |
| Etiquetas: |
Agregar Etiqueta
Sin Etiquetas, Sea el primero en etiquetar este registro!
|
| LEADER | 01452nam a22002295a 4500 | ||
|---|---|---|---|
| 001 | CEM.cems021022 | ||
| 008 | 240412s2000####sp############000#0#und#d | ||
| 005 | 20240412165942.0 | ||
| 245 | 1 | 0 | |a El maromero / |c Jorge Eslava ; ilustrado por Aldo Shiroma. |
| 260 | |a Madrid : |b Alfaguara, |c 2000. | ||
| 300 | |a 30 p. | ||
| 490 | 1 | |a Derechos del niño ; |v 9 | |
| 520 | |a A Joaquín le encanta jugar al maromero. Da volteretas, hace cabriolas, giros...es muy divertido. Sobre todo le gusta jugar con su amigo Pedro. Pero un día Joaquín se da cuenta de que Pedro está muy triste. Su padre no es bueno con él, apenas lo ve una vez cada quince días y, además, le pega. Joaquín promete ayudarlo, para eso son amigos, pero no sabe cómo. Un día, Pedro llega al colegio más triste que de costumbre. Han internado a su padre en el hospital porque empezó a dar volteretas y a dar cabriolas y giros muy extraños. Joaquín se da cuenta de lo que pasa, y a través de su maromero enseñará al padre de Pedro a ser bueno con él. Nadie lo sabrá, aunque tampoco le creerían si lo contase. | ||
| 020 | |a 8420458430 | ||
| 100 | 1 | |a Eslava, Jorge. | |
| 700 | 1 | |a Shiroma, Aldo; il. | |
| 653 | |a Literatura peruana | ||
| 653 | |a Novela infantil | ||
| 653 | |a Literatura infantil | ||
| 653 | |a Derechos del niño | ||
| 859 | |a CEMS |b BIB. CEMS - Inicial y Primaria |h Pe863.4 |i Es47-2 |k IP |p 2164 |t Ej.1 | ||
| 859 | |a CEMS |b BIB. CEMS - Inicial y Primaria |h Pe863.4 |i Es47-2 |k IP |p 3088 |t Ej.2 | ||
